<?xml version="1.0" encoding="UTF-8"?>
<record
    xmlns:xsi="http://www.w3.org/2001/XMLSchema-instance"
    xsi:schemaLocation="http://www.loc.gov/MARC21/slim http://www.loc.gov/standards/marcxml/schema/MARC21slim.xsd"
    xmlns="http://www.loc.gov/MARC21/slim">

  <leader>02020nam a22003377a 4500</leader>
  <controlfield tag="001"> 129900 </controlfield>
  <controlfield tag="003">UA-OsUOA</controlfield>
  <controlfield tag="005">20260512112752.0</controlfield>
  <controlfield tag="007">ta</controlfield>
  <controlfield tag="008">20180330b un ||un a|||| 00| 0 ukr dukr d</controlfield>
  <datafield tag="020" ind1=" " ind2=" ">
    <subfield code="a">9667551393</subfield>
  </datafield>
  <datafield tag="040" ind1=" " ind2=" ">
    <subfield code="a">UA-OsUOA</subfield>
    <subfield code="b">ukr</subfield>
    <subfield code="c">UA-OsUOA</subfield>
    <subfield code="d">UA-OsUOA</subfield>
  </datafield>
  <datafield tag="041" ind1=" " ind2=" ">
    <subfield code="a">ukr</subfield>
  </datafield>
  <datafield tag="080" ind1=" " ind2=" ">
    <subfield code="a">82-84(477)</subfield>
  </datafield>
  <datafield tag="090" ind1=" " ind2=" ">
    <subfield code="a">82-84(477)</subfield>
    <subfield code="b">&#x423;45</subfield>
  </datafield>
  <datafield tag="245" ind1=" " ind2=" ">
    <subfield code="a">&#x423;&#x43A;&#x440;&#x430;&#x457;&#x43D;&#x441;&#x44C;&#x43A;&#x430; &#x430;&#x444;&#x43E;&#x440;&#x438;&#x441;&#x442;&#x438;&#x43A;&#x430;</subfield>
    <subfield code="c">&#x43F;&#x456;&#x434; &#x437;&#x430;&#x433;. &#x440;&#x435;&#x434;. &#x406;&#x432;&#x430;&#x43D;&#x430; &#x414;&#x440;&#x430;&#x447;&#x430;, &#x412;&#x43E;&#x43B;&#x43E;&#x434;&#x438;&#x43C;&#x438;&#x440;&#x430; &#x427;&#x435;&#x440;&#x43D;&#x44F;&#x43A;&#x430; ; &#x433;&#x43E;&#x43B;. &#x440;&#x435;&#x434;. &#x420;&#x43E;&#x43C;&#x430;&#x43D; &#x41A;&#x43E;&#x432;&#x430;&#x43B;&#x44C; ; &#x443;&#x43F;&#x43E;&#x440;&#x44F;&#x434;.: &#x420;&#x43E;&#x43C;&#x430;&#x43D; &#x41A;&#x43E;&#x432;&#x430;&#x43B;&#x44C;, &#x412;&#x430;&#x43B;&#x435;&#x440;&#x456;&#x439; &#x428;&#x435;&#x432;&#x447;&#x443;&#x43A;, &#x41C;&#x438;&#x43A;&#x43E;&#x43B;&#x430; &#x41C;&#x438;&#x445;&#x430;&#x43B;&#x44C;&#x447;&#x435;&#x43D;&#x43A;&#x43E;</subfield>
  </datafield>
  <datafield tag="260" ind1=" " ind2=" ">
    <subfield code="a">&#x41A;&#x438;&#x457;&#x432;</subfield>
    <subfield code="b">&#x41F;&#x440;&#x43E;&#x441;&#x432;&#x456;&#x442;&#x430;</subfield>
    <subfield code="c">2001</subfield>
  </datafield>
  <datafield tag="300" ind1=" " ind2=" ">
    <subfield code="a">320 &#x441;.</subfield>
  </datafield>
  <datafield tag="490" ind1=" " ind2=" ">
    <subfield code="a">&#x41A;&#x43B;&#x430;&#x441;&#x438;&#x43A;&#x430; &#x421;&#x432;&#x456;&#x442;&#x43E;&#x432;&#x43E;&#x457; &#x410;&#x444;&#x43E;&#x440;&#x438;&#x441;&#x442;&#x438;&#x43A;&#x438;</subfield>
    <subfield code="v">&#x422;. 1</subfield>
  </datafield>
  <datafield tag="505" ind1=" " ind2=" ">
    <subfield code="g">&#x422;&#x43E;&#x43C; 1</subfield>
  </datafield>
  <datafield tag="520" ind1=" " ind2=" ">
    <subfield code="a">"&#x423;&#x43A;&#x440;&#x430;&#x457;&#x43D;&#x441;&#x44C;&#x43A;&#x430; &#x430;&#x444;&#x43E;&#x440;&#x438;&#x441;&#x442;&#x438;&#x43A;&#x430;" &#x454; &#x43D;&#x430;&#x439;&#x43F;&#x43E;&#x432;&#x43D;&#x456;&#x448;&#x438;&#x43C; &#x432;&#x438;&#x434;&#x430;&#x43D;&#x43D;&#x44F;&#x43C; &#x432;&#x456;&#x442;&#x447;&#x438;&#x437;&#x43D;&#x44F;&#x43D;&#x438;&#x445; &#x43E;&#x444;&#x43E;&#x440;&#x438;&#x437;&#x43C;&#x456;&#x432; &#x437; &#x43D;&#x430;&#x439;&#x434;&#x430;&#x432;&#x43D;&#x456;&#x448;&#x438;&#x445; &#x447;&#x430;&#x441;&#x456;&#x432; &#x434;&#x43E; &#x43D;&#x430;&#x448;&#x438;&#x445; &#x434;&#x43D;&#x456;&#x432;. &#x423; &#x437;&#x431;&#x456;&#x440;&#x446;&#x456; &#x43F;&#x440;&#x435;&#x434;&#x441;&#x442;&#x430;&#x432;&#x43B;&#x435;&#x43D;&#x43E; &#x43F;&#x43E;&#x43D;&#x430;&#x434; 3500 &#x430;&#x444;&#x43E;&#x440;&#x438;&#x437;&#x43C;&#x456;&#x432; 100 &#x430;&#x432;&#x442;&#x43E;&#x440;&#x456;&#x432;. &#x411;&#x430;&#x433;&#x430;&#x442;&#x44E;&#x449;&#x430; &#x430;&#x444;&#x43E;&#x440;&#x438;&#x441;&#x442;&#x438;&#x43A;&#x430; &#x43F;&#x440;&#x43E;&#x445;&#x43E;&#x434;&#x438;&#x442;&#x44C; &#x447;&#x435;&#x440;&#x435;&#x437; &#x432;&#x441;&#x456; &#x43F;&#x435;&#x440;&#x456;&#x43E;&#x434;&#x438; &#x443;&#x43A;&#x440;&#x430;&#x457;&#x43D;&#x441;&#x44C;&#x43A;&#x43E;&#x457; &#x456;&#x441;&#x442;&#x43E;&#x440;&#x456;&#x457;: &#x432;&#x456;&#x434; &#x41A;&#x438;&#x457;&#x432;&#x441;&#x44C;&#x43A;&#x43E;&#x457; &#x420;&#x443;&#x441;&#x456; &#x447;&#x435;&#x440;&#x435;&#x437; &#x43A;&#x43E;&#x437;&#x430;&#x446;&#x44C;&#x43A;&#x443; &#x434;&#x43E;&#x431;&#x443; &#x434;&#x43E; &#x434;&#x435;&#x440;&#x436;&#x430;&#x432;&#x438; &#x423;&#x43A;&#x440;&#x430;&#x457;&#x43D;&#x430;, &#x44F;&#x43A;&#x430; &#x43F;&#x43E;&#x441;&#x442;&#x430;&#x43B;&#x430; &#x43D;&#x430;&#x43F;&#x440;&#x438;&#x43A;&#x456;&#x43D;&#x446;&#x456; &#x425;&#x425; &#x441;&#x442;&#x43E;&#x43B;&#x456;&#x442;&#x442;&#x44F;.
&#x41A;&#x43D;&#x438;&#x433;&#x430; &#x43C;&#x43E;&#x436;&#x435; &#x441;&#x442;&#x430;&#x442;&#x438; &#x43F;&#x43E;&#x441;&#x456;&#x431;&#x43D;&#x438;&#x43A;&#x43E;&#x43C; &#x434;&#x43B;&#x44F; &#x443;&#x43A;&#x440;&#x430;&#x457;&#x43D;&#x441;&#x44C;&#x43A;&#x43E;&#x433;&#x43E; &#x432;&#x447;&#x438;&#x442;&#x435;&#x43B;&#x44F;, &#x441;&#x442;&#x443;&#x434;&#x435;&#x43D;&#x442;&#x430; &#x456; &#x448;&#x43A;&#x43E;&#x43B;&#x44F;&#x440;&#x430;.</subfield>
  </datafield>
  <datafield tag="650" ind1=" " ind2="7">
    <subfield code="a">82 &#x41B;&#x456;&#x442;&#x435;&#x440;&#x430;&#x442;&#x443;&#x440;&#x430;. &#x41B;&#x456;&#x442;&#x435;&#x440;&#x430;&#x442;&#x443;&#x440;&#x43E;&#x437;&#x43D;&#x430;&#x432;&#x441;&#x442;&#x432;&#x43E;</subfield>
    <subfield code="2">UDC</subfield>
    <subfield code="9">15</subfield>
  </datafield>
  <datafield tag="700" ind1="1" ind2=" ">
    <subfield code="a">&#x414;&#x440;&#x430;&#x447;&#x430; &#x406;.</subfield>
    <subfield code="e">&#x440;&#x435;&#x434;.</subfield>
    <subfield code="9">25213</subfield>
  </datafield>
  <datafield tag="700" ind1="1" ind2=" ">
    <subfield code="a">&#x427;&#x435;&#x440;&#x43D;&#x44F;&#x43A; &#x412;.</subfield>
    <subfield code="e">&#x440;&#x435;&#x434;.</subfield>
    <subfield code="9">25214</subfield>
  </datafield>
  <datafield tag="700" ind1="1" ind2=" ">
    <subfield code="a">&#x41A;&#x43E;&#x432;&#x430;&#x43B;&#x44C; &#x420;.</subfield>
    <subfield code="e">&#x433;&#x43E;&#x43B;. &#x440;&#x435;&#x434;., &#x443;&#x43F;&#x43E;&#x440;.</subfield>
    <subfield code="9">25215</subfield>
  </datafield>
  <datafield tag="700" ind1="1" ind2=" ">
    <subfield code="a">&#x428;&#x435;&#x432;&#x447;&#x443;&#x43A; &#x412;.</subfield>
    <subfield code="e">&#x443;&#x43F;&#x43E;&#x440;.</subfield>
    <subfield code="9">2329</subfield>
  </datafield>
  <datafield tag="700" ind1="1" ind2=" ">
    <subfield code="a">&#x41C;&#x438;&#x445;&#x430;&#x43B;&#x44C;&#x447;&#x435;&#x43D;&#x43A;&#x43E; &#x41C;.</subfield>
    <subfield code="9">25216</subfield>
    <subfield code="e">&#x443;&#x43F;&#x43E;&#x440;.</subfield>
  </datafield>
  <datafield tag="942" ind1=" " ind2=" ">
    <subfield code="c">BK</subfield>
    <subfield code="2">udc</subfield>
  </datafield>
  <datafield tag="955" ind1=" " ind2=" ">
    <subfield code="a">3</subfield>
  </datafield>
  <datafield tag="999" ind1=" " ind2=" ">
    <subfield code="c">417792</subfield>
    <subfield code="d">417792</subfield>
  </datafield>
  <datafield tag="952" ind1=" " ind2=" ">
    <subfield code="0">0</subfield>
    <subfield code="1">0</subfield>
    <subfield code="2">udc</subfield>
    <subfield code="4">0</subfield>
    <subfield code="7">0</subfield>
    <subfield code="a">101</subfield>
    <subfield code="b">101</subfield>
    <subfield code="d">2018-03-30</subfield>
    <subfield code="e">14/2018</subfield>
    <subfield code="g">25.00</subfield>
    <subfield code="i">158489</subfield>
    <subfield code="l">0</subfield>
    <subfield code="o">82-84 &#x423;45</subfield>
    <subfield code="p">158489</subfield>
    <subfield code="r">2022-02-10 00:00:00</subfield>
    <subfield code="w">2018-03-30</subfield>
    <subfield code="y">BK</subfield>
  </datafield>
  <datafield tag="952" ind1=" " ind2=" ">
    <subfield code="0">0</subfield>
    <subfield code="1">0</subfield>
    <subfield code="2">udc</subfield>
    <subfield code="4">0</subfield>
    <subfield code="7">0</subfield>
    <subfield code="8">C_Shevchuk_V.</subfield>
    <subfield code="a">101</subfield>
    <subfield code="b">101</subfield>
    <subfield code="d">2026-05-12</subfield>
    <subfield code="e">&#x410;&#x43A;&#x442; &#x2116;24/28.04.2026</subfield>
    <subfield code="g">25.00</subfield>
    <subfield code="i">169922</subfield>
    <subfield code="l">0</subfield>
    <subfield code="o">82-84(477) &#x423;45</subfield>
    <subfield code="p">169922</subfield>
    <subfield code="r">2026-05-12 10:49:16</subfield>
    <subfield code="v">25.00</subfield>
    <subfield code="w">2026-05-12</subfield>
    <subfield code="y">BK</subfield>
  </datafield>
</record>
